00458 2200181 4500001002100000005001500021035002000036245004600056100002400102300003600126260003600162082000800198084001400206020000600220650002800226990001000254990001200264INLIS00000000003857420250924020308 a0010-09250000561 aBeternak Ilmu Ajam /cSeno Sastroamidjojo0 aSeno Sastroamidjojo a309 hlm :bilus ;c21,5 x 15 cm aDjakarta; :bMasa Baru;,c1971; a591 a591 SEN b a- 4aSejarah Kehidupan Hewan a38516 a38516/H